| 000 | 00336nam a22001457a 4500 | ||
|---|---|---|---|
| 003 | SGT | ||
| 020 | _a978-81-936972-3-8 | ||
| 082 |
_a611 _bH18R |
||
| 100 | _aRASTOGI ,SAMEER | ||
| 245 | _aTEXT BOOK OF HUMAN ANATOMY & PHYSIOLOGY | ||
| 260 |
_aDELHI _bMACKHINGEE PUB _c2018 |
||
| 300 | _a182 | ||
| 650 | _aPHARMACY | ||
| 942 |
_2ddc _cBK _029 |
||
| 999 |
_c19376 _d19376 |
||